header

I'll have what she's having (Record no. 131865)

MARC details
000 -LEADER
fixed length control field 01472nam a2200373Ia 4500
082 04 - DEWEY DECIMAL CLASSIFICATION NUMBER
Classification number 303.3/2
245 00 - TITLE STATEMENT
Title I'll have what she's having
260 ## - PUBLICATION, DISTRIBUTION, ETC. (IMPRINT)
Place of publication Cambridge, MA :
Name of publisher MIT Press,
Year of publication c2011.
300 ## - PHYSICAL DESCRIPTION
Number of Pages xiii, 146 p. :
Other physical details ill.
490 1# - SERIES STATEMENT
Series statement Simplicity: design, technology, business, life
650 #0 - SUBJECT ADDED ENTRY--TOPICAL TERM
Topical Term Social learning.
Topical Term Social interaction.
Topical Term Social psychology.
700 1# - ADDED ENTRY--PERSONAL NAME
Personal name Bentley, R. Alexander,
Personal name Earls, Mark.
Personal name O'Brien, Michael J.
856 40 - ELECTRONIC LOCATION AND ACCESS
Uniform Resource Identifier http://site.ebrary.com/lib/rucke/Doc?id=10502100

No items available.

© 2026 Rongo University
Contact us: librarian | system librarian | Rongo university